The Chicago guide to grammar, usage, and punctuation / (Record no. 9398)

MARC details
000 -LEADER
fixed length control field 03949cam a2200457 i 4500
001 - CONTROL NUMBER
control field 932066507
003 - CONTROL NUMBER IDENTIFIER
control field OCoLC
005 - DATE AND TIME OF LATEST TRANSACTION
control field 20241126110711.0
008 - FIXED-LENGTH DATA ELEMENTS--GENERAL INFORMATION
fixed length control field 151202t20162016ilua bf 001 0 eng c
010 ## -
-- 2015047425
020 ## - INTERNATIONAL STANDARD BOOK NUMBER
International Standard Book Number 9780226188850
Qualifying information (cloth ;
-- alkaline paper)
020 ## - INTERNATIONAL STANDARD BOOK NUMBER
International Standard Book Number 022618885X
Qualifying information (cloth ;
-- alkaline paper)
020 ## - INTERNATIONAL STANDARD BOOK NUMBER
Canceled/invalid ISBN 9780226191294
Qualifying information (e-book)
035 ## - SYSTEM CONTROL NUMBER
System control number .b82096958
035 ## - SYSTEM CONTROL NUMBER
System control number (OCoLC)932066507
Canceled/invalid control number (OCoLC)920017452
-- (OCoLC)948568090
040 ## - CATALOGING SOURCE
Original cataloging agency ICU/DLC
Language of cataloging eng
Description conventions rda
Transcribing agency CGU
Modifying agency DLC
-- STF
-- OCLCF
-- YDXCP
-- BTCTA
-- BDX
-- CCPLG
-- ELW
-- VP@
-- PUL
-- DCK
-- NMW
-- OCLCO
-- IGA
-- OCLCQ
-- OCL
-- MZ5
-- UtOrBLW
042 ## -
-- pcc
049 ## -
-- OSUU
050 00 -
-- PE1106
-- .G35 2016
050 00 -
-- PE1106
-- .G35 2016
082 ## - DEWEY DECIMAL CLASSIFICATION NUMBER
Classification number 428.2
Item number GAR
100 1# - MAIN ENTRY--PERSONAL NAME
Personal name Garner, Bryan A.,
Relator term author.
Authority record control number or standard number http://id.loc.gov/authorities/names/n85826827
9 (RLIN) 16372
245 14 - TITLE STATEMENT
Title The Chicago guide to grammar, usage, and punctuation /
Statement of responsibility, etc. Bryan A. Garner
264 #1 - PRODUCTION, PUBLICATION, DISTRIBUTION, MANUFACTURE, AND COPYRIGHT NOTICE
Place of production, publication, distribution, manufacture Chicago :
Name of producer, publisher, distributor, manufacturer The University of Chicago Press,
Date of production, publication, distribution, manufacture, or copyright notice 2016
264 #4 - PRODUCTION, PUBLICATION, DISTRIBUTION, MANUFACTURE, AND COPYRIGHT NOTICE
Date of production, publication, distribution, manufacture, or copyright notice ℗♭2016
300 ## - PHYSICAL DESCRIPTION
Extent xxvii, 583 pages :
Other physical details illustrations ;
Dimensions 25 cm
336 ## - CONTENT TYPE
Content type term text
Content type code txt
Source rdacontent
337 ## - MEDIA TYPE
Media type term unmediated
Media type code n
Source rdamedia
338 ## - CARRIER TYPE
Carrier type term volume
Carrier type code nc
Source rdacarrier
490 1# - SERIES STATEMENT
Series statement Chicago guides to writing, editing, and publishing
504 ## - BIBLIOGRAPHY, ETC. NOTE
Bibliography, etc. note Includes bibliographical references (pages 497-505) and indexes
505 0# - FORMATTED CONTENTS NOTE
Formatted contents note Introduction -- The traditional parts of speech. Nouns ; Pronouns ; Adjectives ; Verbs ; Adverbs ; Prepositions ; Conjunctions ; Interjections -- Syntax. Sentences, clauses, and their patterns ; Traditional sentence diagramming ; Transformational grammar -- Word formation -- Word usage. Introduction ; Troublesome words and phrases ; Bias-free language ; Prepositional idioms -- Punctuation. The comma ; The semicolon ; The colon ; Parentheses ; The em-dash (or long dash) ; The en-dash (or short dash) ; The hyphen ; The apostrophe ; Quotation marks ; The question mark ; The exclamation mark ; The period ; Bracket ; The slash (virgule) ; Bullets ; Ellipsis dots -- Select glossary -- Pronunciation guide
520 ## - SUMMARY, ETC.
Summary, etc. "Few people can write on the English language with the authority of Bryan A. Garner. The author of The Chicago Manual of Style's "Grammar and Usage" chapter, Garner explains the vagaries of English with absolute precision and utmost clarity. With The Chicago Guide to Grammar, Usage, and Punctuation, he has written the definitive guide for writers who want their prose to be both memorable and correct. Throughout the book Garner describes standard literary English--the forms that mark writers and speakers as educated users of the language. He also offers historical context for understanding the development of these forms. The section on grammar explains how the canonical parts of speech came to be identified, while the section on syntax covers the nuances of sentence patterns as well as both traditional sentence diagramming and transformational grammar. The usage section provides an unprecedented trove of empirical evidence in the form of Google Ngrams, diagrams that illustrate the changing prevalence of specific terms over decades and even centuries of English literature. Garner also treats punctuation and word formation, and concludes the book with an exhaustive glossary of grammatical terms and a bibliography of suggested further reading and references"--Publisher
650 #0 - SUBJECT ADDED ENTRY--TOPICAL TERM
Topical term or geographic name entry element English language
General subdivision Grammar
Form subdivision Handbooks, manuals, etc.
Authority record control number or standard number http://id.loc.gov/authorities/subjects/sh2008103117
9 (RLIN) 15409
650 #0 - SUBJECT ADDED ENTRY--TOPICAL TERM
Topical term or geographic name entry element English language
General subdivision Grammar
-- Study and teaching (Higher)
9 (RLIN) 16373
655 #7 - INDEX TERM--GENRE/FORM
Genre/form data or focus term Reference works.
Source of term fast
Authority record control number or standard number (OCoLC)fst01919963
9 (RLIN) 16374
655 #7 - INDEX TERM--GENRE/FORM
Genre/form data or focus term Handbooks and manuals.
Source of term fast
Authority record control number or standard number (OCoLC)fst01423877
9 (RLIN) 11751
655 #7 - INDEX TERM--GENRE/FORM
Genre/form data or focus term Reference works.
Source of term lcgft
Authority record control number or standard number http://id.loc.gov/authorities/genreForms/gf2014026165
9 (RLIN) 16374
830 #0 -
-- Chicago guides to writing, editing, and publishing.
-- http://id.loc.gov/authorities/names/n86741026
-- 14763
942 ## - ADDED ENTRY ELEMENTS (KOHA)
Source of classification or shelving scheme Dewey Decimal Classification
Koha item type Books
Holdings
Withdrawn status Lost status Source of classification or shelving scheme Damaged status Not for loan Home library Current Library Shelving location Date acquired Total checkouts Full call number Barcode Date last seen Copy number Price effective from Koha item type
    Dewey Decimal Classification     GRACE BIBLE COLLEGE GRACE BIBLE COLLEGE General Studies 2022-11-15   428.2 GAR 015880 2025-05-01 c.1 2022-11-15 Books
© Grace Bible College Library 2025